Dodaj początek do słowa „prowadzić” - tak, aby otrzymać nowy wyraz - Statystyki

Ogólne statystyki
  • Ten quiz został rozwiązany 15 razy
  • Średni wynik to 4 z 8
Statystyki odpowiedzi
Hint Odpowiedź % Poprawnych
8. Odprowadzić
71%
3. Wyprowadzić
71%
1. Zaprowadzić
71%
2. Doprowadzić
64%
4. Przeprowadzić
50%
6. Uprowadzić
50%
7. Sprowadzić
36%
5. Przyprowadzić
14%
Nie znaleziono quizów pasujących do podanych kryteriów
Rozkład punktacji
Procent ludzi z każdym wynikiem
Percentyl według liczby udzielonych odpowiedzi
Twoja historia wyników
Nie rozwiązałeś tego quizu